Ligne B3B RTM : bus marseillais - Statistiques

Statistiques générales
  • Ce quiz a été pris 4 fois
  • Le résultat moyen est 4 sur 5
Statistiques - réponses
Indice Arrêt % Correct
©M1-1/s-2-3-4/b-5-11-27-42/t-142-143-144 Métro la Rose
100%
Technopôle de Château Gombert
100%
©1/s Les Vieux Cyprès
100%
©11 Technopôle Polytech Marseille
67%
Technopôle Centrale Marseille
33%
Aucun quiz correspondant
Distribution des résultats
% des personnes avec chaque résultat
Percentile par nombre de réponses
Votre historique - résultats
Vous n’avez pas pris ce quiz